000
00336nam a2200133Ia 4500
008
230524s9999 xx 000 0 und d
020
_a
9788125942702
100
_a
Susant K.Rout
245
0
_a
Tips and Trics on C Programming
260
_b
Vikas publishing House
500
_a
Quantity Number: 100
650
_a
Comp-Sc
942
_c
BK
999
_c
50705
_d
50705